Hinds' feet on high places. (Record no. 13155)

000 -LEADER
fixed length control field 00817nam a2200205 a 4500
001 - CONTROL NUMBER
control field :::00010973$&:&@@
003 - CONTROL NUMBER IDENTIFIER
control field OkBaRHE
005 - DATE AND TIME OF LATEST TRANSACTION
control field 20010109132844.0
008 - FIXED-LENGTH DATA ELEMENTS--GENERAL INFORMATION
fixed length control field s1975 j 000 0 eng u
040 ## - CATALOGING SOURCE
Transcribing agency
100 1# - MAIN ENTRY--PERSONAL NAME
Personal name Hurnard, Hannah.
245 10 - TITLE STATEMENT
Title Hinds' feet on high places.
260 ## - PUBLICATION, DISTRIBUTION, ETC. (IMPRINT)
Place of publication, distribution, etc Wheaton, IL., :
Name of publisher, distributor, etc Tyndale House Publications
Date of publication, distribution, etc c1975
300 ## - PHYSICAL DESCRIPTION
Extent 158 p. ;
Dimensions 19 cm.
650 ## - SUBJECT ADDED ENTRY--TOPICAL TERM
Topical term or geographic name as entry element Devotional Literature
942 ## - ADDED ENTRY ELEMENTS (KOHA)
Source of classification or shelving scheme
Koha item type Books
Copies
Koha item type Date last seen Date checked out Total Renewals Shelving location Date acquired Source of classification or shelving scheme Total Checkouts Full call number Not for loan Lost status Withdrawn status Current Location Copy number Barcode Price effective from Damaged status Permanent Location
Books2010-04-14  General Stacks2010-04-14  BV 4515.2 .H85    2187962010-04-14 RHEMA Bible Training College
Books2011-12-012011-11-10 General Stacks2010-04-14 1BV 4515.2 .H85   RHEMA Bible Training College1109732010-04-14 RHEMA Bible Training College
Books2010-05-132010-04-162General Stacks2010-04-14 1BV 4515.2 .H85   RHEMA Bible Training College3000202022010-04-14 RHEMA Bible Training College